[Event "Fuerstenfeld U18 op 6th"]
[Site "Fuerstenfeld"]
[Date "2023.07.22"]
[Round "5"]
[White "Wagner, Samuel"]
[Black "Schrimpf, Michael"]
[Result "0-1"]
[WhiteElo "1380"]
[BlackElo "1804"]
[PlyCount "58"]
[EventDate "2023.07.20"]
[EventType "swiss"]
[EventRounds "7"]
[EventCountry "AUT"]
[SourceTitle "CBM 215 Extra"]
[Source "ChessBase"]
[SourceDate "2023.09.30"]
[SourceVersion "1"]
[SourceVersionDate "2023.09.30"]
[SourceQuality "1"]

1. e4 d5 2. exd5 Nf6 3. d4 Bg4 4. Bb5+ Nbd7 5. Be2 Bxe2 6. Qxe2 Nxd5 7. c4 N5f6 8. Nf3 c6 9. Nc3 e6 10. Bf4 Be7 11. 0-0-0 0-0 12. Rdg1 a6 13. g4 b5 14. c5 Qa5 15. b3 Qxc3+ 16. Kb1 Qa5 17. h4 Nd5 18. Bd2 Nc3+ 19. Bxc3 Qxc3 20. g5 a5 21. Rg3 Qb4 22. h5 a4 23. Nd2 axb3 24. Nxb3 Qc4 25. Qd2 Qd5 26. Rhg1 Ra3 27. f4 Rfa8 28. Qh2 Qe4+ 29. Kc1 Rxa2 0-1